Geography Trivia - Statistics

General Stats
  • This quiz has been taken 45 times
  • The average score is 4 of 10
Answer Stats
Hint Answer % Correct
The deepest trench in the world Mariana Trench
84%
The mountain range that runs along Morocco, Algeria, and Tunisia Atlas Mountains
73%
The world's most populous island Java
57%
The longest river in Europe Volga River
52%
Once one of the world's largest lakes, 90% of it has dried up due to the Soviets Aral Sea
50%
What the South American grasslands are called Pampas
36%
The southernmost island group belonging to Argentina Tierra del Fuego
32%
The largest lake located entirely in Canada Great Bear Lake
30%
What the bottom of that trench is called Challenger Deep
20%
Name of the island that Malabo sits on Bioko
2%
No matching quizzes found
Score Distribution
Percent of People with Each Score
Percentile by Number Answered
Your Score History
You have not taken this quiz